000 00582nam a2200205Ia 4500
005 20250508165539.0
008 008 250505s9999 xx 000 0 eng d
020 _a978-81-250-6239-4
037 _aTextual
040 _aFEDL
_beng
_cFEDL
041 _aeng
_2eng
084 _a954.04, GUH
_qFEDL
100 _aGuha Ramachandra
245 0 _aIndia after Gandhi: The history of the world's largest democracy
260 _aLondon, UK
_bPicador
_c2007
300 _axxvi, 898p.
365 _aINR
_b750
942 _cTEXL
_h954.04, GUH
999 _c1395790
_d1395790